000
nam a22 7a 4500
999
_c
46481
_d
46481
003
OSt
005
20190417094234.0
008
190417b xxu||||| |||| 00| 0 eng d
040
_c
SERO SOFT
100
_a
TRIPATHI, MADHUSUDAN
245
_a
BHARAT ME UPBHOGTA SHIKSHA
260
_a
DELHI
_b
OMEGA
300
_a
183
942
_2
ddc
_c
02